000 005590000a22001810004500
020 _a84-8169-156-9
041 0 _aSPA
082 0 4 _aG 261.1 A2841m
100 1 _aAguirre, Rafael (1937-)
245 1 0 _aDel movimiento de Jesús a la iglesia cristiana : Ensayo de exégesis sociológica del cristianismo primitivo / Rafael Aguirre
260 _aEstella, Navarra, España : Verbo Divino
300 _a225 Pag
001 6881
942 _cBK
999 _c37131
_d37131
336 _atexto
_btxt
_2rdacontent
337 _2rdamedia
_asin mediación
_bn
338 _2rdacarrier
_avolumen
_bnc